000
00308nam a22001337a 4500
008
170602b xxu||||| |||| 00| 0 eng d
020
_a
0139506756
041
_a
eng
080
_2
2ND
_a
9(4)
100
_a
17
101
_a
SHH
245
_a
WESTERN EUROPE IN THE MIDDLE AGES
_c
STRAYER, J.R
942
_2
udc
_c
BK
999
_c
15556
_d
15556